000 00483cam a22002051 4500
001 sa 68013122
003 DLC
005 20260227112619.0
008 881028s1968 xx 000 0 beno
010 _asa 68013122
035 _a(OCoLC)23557789
040 _aDLC
_cMiU
_dDLC
042 _apremarc
050 0 0 _aPK1718.M5
_bM38
100 1 _aMitra, Premendra.
245 1 0 _aMaẏūrapaṅkhī.
260 _c[1968]
300 _a190 p.
_billus.
_c23 cm.
500 _aRomanized.
999 _c84941
_d84941